Cooke and Arkwright (a firm) v Haydon (Record no. 5702)

MARC details
000 -LEADER
fixed length control field 01513cab a2200193 4500
001 - CONTROL NUMBER
control field ABS38204
008 - FIXED-LENGTH DATA ELEMENTS--GENERAL INFORMATION
fixed length control field 090401t1987 xxu||||| |||| 00| 0 eng d
035 ## - SYSTEM CONTROL NUMBER
System control number (Sirsi) u9190
041 ## - LANGUAGE CODE
Language code of text/sound track or separate title eng
245 ## - TITLE STATEMENT
Title Cooke and Arkwright (a firm) v Haydon
260 ## - PUBLICATION, DISTRIBUTION, ETC.
Date of publication, distribution, etc. 1987
350 ## - PRICE (NR) (BK AM CF MU VM SE) [OBSOLETE]
Price 0
490 ## - SERIES STATEMENT
Series statement Estates Gazette
Volume/sequential designation 283(6350) 5 September 1987, 1068-1071(3)
520 ## - SUMMARY, ETC.
Summary, etc. CA 26 June 1987. An appeal on the wording on a professional indemnity policy. A partner in Cooke and Arkwright, (C&A), became a partner in the Merak partnership, along with other professionals, to provide clients with a combined service covering the expertise of the professionals. It was also intended that Merak would employ the respective professional firms as subcontractors when required. In 1981, Merak was engaged by Co-operative Retail Services Ltd , (CRS), to design and supervise construction of a superstore. In 1982, the store was damaged by fire ; in October 1984 CRS informed Merak that it was holding them responsible for the damage. CRS issued proceedings against Merak and other defendants alleging breach of contract or negligence in respect of defective design or inadequate inspection, supervision or advice. Merak joined C&A as third parties, alleging the work had been subcontracted to C&A. At issue in proceedings brought by C&A against their insurance underwriter, was wheth
650 ## - SUBJECT ADDED ENTRY--TOPICAL TERM
Topical term or geographic name entry element ABOUT RICS-RICS MEMBERS
690 ## - LOCAL SUBJECT ADDED ENTRY--TOPICAL TERM (OCLC, RLIN)
Topical term or geographic name as entry element MANAGEMENT-BUSINESS MANAGEMENT-PROFESSIONAL PRACTICE
942 ## - ADDED ENTRY ELEMENTS (KOHA)
Suppress in OPAC 0
948 ## - LOCAL PROCESSING INFORMATION (OCLC); SERIES PART DESIGNATOR (RLIN)
c (OCLC) 04/03/1997
Holdings
Withdrawn status Lost status Source of classification or shelving scheme Damaged status Not for loan Home library Current library Shelving location Date acquired Total Checkouts Full call number Barcode Date last seen Copy number Price effective from Koha item type
    Dewey Decimal Classification     London London Journal article 14/09/1999   ABS38204 9190-1001 06/08/2019 1 06/08/2019 Law report